000 01175nam a2200301 c 4500
999 _c181659
_d181659
003 BLK
005 20220209111044.0
008 180411b bul|||||r ||||||| ||bul||
010 _aKNG00190565000
040 _aBLK
041 _aBUL
_cBUL
080 _aНаборни методи - Монотип, линотип, фотонабор, ръчен набор и др.
_b655.28
_z655.28
100 1 _aГостев, Вадим И.
_eпърви автор
_9342660
139 _aГостев, Вадим И.
_bГ 70
245 1 0 _aПътища за подобряване качеството на продукцията
_cВадим И. Гостев; прев. от рус. Иван Димитров Сестримски.
257 _aSUN
260 _bБКП
_c1950
300 _a56 с.
_c18 см
380 _a62
500 _a5 000 тир.
650 4 _aКачество на продукцията
_9246731
700 1 _aСестримски, Иван Димитров
_eпрев. от рус.
_9364596
852 _aЦб І 1174
_bО
942 _cKNG
_n0
_s1
944 _aCR
_c19.09.2016
_kКети_Илиева
944 _aED
_c2022-02-09
_kКети
999 _d181659